Statistics for Largest Economies in 2050

Click here to take the quiz!

General Stats

  • This quiz has been taken 48,783 times
    (32,098 since last reset)
  • The average score is 18 of 20

Answer Stats

GDP Country % Correct
53,553China
100%
41,384United States
100%
6,338Germany
98%
5,207France
97%
5,744United Kingdom
97%
27,937India
97%
6,610Russia
96%
7,914Japan
95%
8,534Brazil
95%
7,087Mexico
92%
3,583Canada
92%
3,617Italy
91%
3,099Spain
91%
2,903Australia
90%
8,742Indonesia
84%
4,142South Korea
84%
4,481Saudi Arabia
76%
2,896Egypt
72%
4,354Turkey
71%
6,354Nigeria
67%

Score Distribution

Percentile by Number Answered

Percent of People with Each Score

Your Score History

You have not taken this quiz since the last reset